10 najvecih gradova u Srbiji - Statystyki

Ogólne statystyki
  • Ten quiz został rozwiązany 243 razy
  • Średni wynik to 7 z 10
Statystyki odpowiedzi
Gradovi % Poprawnych
Beograd
99%
Novi sad
99%
Nis
97%
Kragujevac
84%
Subotica
84%
Pristina
54%
Cacak
44%
Krusevac
44%
Pancevo
37%
Zrenjanin
35%
Nie znaleziono quizów pasujących do podanych kryteriów
Rozkład punktacji
Procent ludzi z każdym wynikiem
Percentyl według liczby udzielonych odpowiedzi
Twoja historia wyników
Nie rozwiązałeś tego quizu